Générique Pokémon - Attrapez-les tous (Paroles Complètes) - Statistics

General Stats
  • This quiz has been taken 43 times
  • The average score is 145 of 204
Answer Stats
Answer % Correct
le
100%
Le
100%
dresseur
97%
je
97%
Je
97%
les
97%
Les
97%
me
97%
meilleur
97%
Pokémon
97%
Pokemon
97%
serais
97%
à
93%
Attrapez
93%
de
93%
jour
93%
pour
93%
tous
93%
Un
93%
défis
90%
Et
90%
et
90%
la
90%
90%
sans
90%
battrai
87%
être
87%
ferai
87%
tout
87%
vainqueur
87%
Ensemble
83%
ensemble
83%
entière
83%
il
83%
répit
83%
terre
83%
victoire
83%
gagner
80%
parcourrai
80%
avec
77%
leurs
73%
ne
73%
Ne
73%
notre
73%
Notre
73%
secret
73%
arrêtera
70%
espoir
70%
mystères
70%
nous
70%
pouvoirs
70%
Rien
70%
histoire
67%
Ça
63%
triomphera
63%
amitié
60%
C'est
60%
courage
57%
demande
57%
du
57%
Traquant
57%
voyage
47%
âge
43%
d'apprentissage
43%
Même
40%
des
37%
Attrapez-les
30%
attrapez-les
30%
mon
30%
destin
27%
chemin
23%
pourra
23%
amis
20%
ni
20%
Nos
20%
personne
20%
Car
17%
déterminé
17%
suis
17%
sur
17%
accomplir
13%
briser
13%
combats
13%
dernier
13%
faudra
13%
l'action
13%
passer
13%
Quand
13%
seront
13%
gagnerons
10%
Yeah
10%
No matching quizzes found
Score Distribution
Percent of People with Each Score
Percentile by Number Answered
Your Score History
You have not taken this quiz